[Event "European Individual Chess Championship 2017"]
[Site "Minsk"]
[Date "2017.05.31"]
[Round "2.10"]
[White "Kryakvin, Dmitry"]
[Black "Fedoseev, Vladimir"]
[Result "0-1"]
[BlackElo "2690"]
[WhiteElo "2560"]
[LiveChessVersion "1.4.8"]

1. d4 {[%clk 1:30:56]} f5 {[%clk 1:30:50]} 2. Bf4 {[%clk 1:30:39]} Nf6
{[%clk 1:30:50]} 3. e3 {[%clk 1:31:03]} d6 {[%clk 1:31:09]} 4. Nc3
{[%clk 1:29:00]} g6 {[%clk 1:30:48]} 5. h4 {[%clk 1:27:41]} h6 {[%clk 1:27:24]}
6. Nf3 {[%clk 1:22:07]} Bg7 {[%clk 1:27:36]} 7. Bd3 {[%clk 1:21:33]} Nc6
{[%clk 1:24:54]} 8. e4 {[%clk 1:14:38]} Nb4 {[%clk 1:13:18]} 9. e5
{[%clk 1:14:26]} Nxd3+ {[%clk 1:07:55]} 10. Qxd3 {[%clk 1:14:45]} Ng4
{[%clk 1:08:19]} 11. Qe2 {[%clk 1:10:59]} O-O {[%clk 1:04:00]} 12. O-O-O
{[%clk 1:10:51]} c6 {[%clk 1:04:15]} 13. Ne1 {[%clk 0:55:28]} dxe5
{[%clk 0:58:28]} 14. dxe5 {[%clk 0:55:33]} Qa5 {[%clk 0:58:50]} 15. Nd3
{[%clk 0:54:50]} c5 {[%clk 0:58:34]} 16. f3 {[%clk 0:48:24]} c4 {[%clk 0:58:36]}
17. fxg4 {[%clk 0:44:42]} fxg4 {[%clk 0:57:26]} 18. Qe3 {[%clk 0:40:06]} cxd3
{[%clk 0:56:19]} 19. Bxh6 {[%clk 0:39:16]} dxc2 {[%clk 0:55:25]} 20. Rd4
{[%clk 0:35:44]} Bf5 {[%clk 0:46:32]} 21. Bxg7 {[%clk 0:32:23]} Kxg7
{[%clk 0:46:53]} 22. h5 {[%clk 0:32:28]} Qa6 {[%clk 0:46:47]} 23. Qg5
{[%clk 0:24:52]} Rae8 {[%clk 0:43:27]} 24. a3 {[%clk 0:18:21]} Rh8
{[%clk 0:38:06]} 25. h6+ {[%clk 0:13:23]} Kh7 {[%clk 0:38:23]} 26. Re1
{[%clk 0:10:55]} Rhf8 {[%clk 0:36:47]} 27. e6 {[%clk 0:09:45]} Rf6
{[%clk 0:32:09]} 28. Qd2 {[%clk 0:05:05]} Rxe6 {[%clk 0:31:16]} 29. Rh1
{[%clk 0:05:02]} Rc8 {[%clk 0:25:31]} 30. Rd7 {[%clk 0:03:48]} Re5
{[%clk 0:20:50]} 31. Rd5 {[%clk 0:04:01]} Qe6 {[%clk 0:19:30]} 32. Rxe5
{[%clk 0:04:05]} Qxe5 {[%clk 0:19:54]} 33. Re1 {[%clk 0:04:33]} Qd6
{[%clk 0:20:12]} 34. Nd5 {[%clk 0:04:20]} e5 {[%clk 0:18:56]} 35. Qg5
{[%clk 0:02:15]} Rf8 {[%clk 0:18:56]} 36. Qd2 {[%clk 0:00:58]} Rf7
{[%clk 0:18:57]} 37. Rf1 {[%clk 0:00:52]} Qf8 {[%clk 0:18:55]} 38. Ne3
{[%clk 0:00:34]} Qxh6 {[%clk 0:19:02]} 39. Re1 {[%clk 0:00:34]} Rd7
{[%clk 0:19:08]} 40. Qc3 {[%clk 0:30:41]} Qf4 {[%clk 0:49:09]} 41. g3
{[%clk 0:29:43]} Qd4 {[%clk 0:49:20]} 42. Nxc2 {[%clk 0:29:02]} Qxc3
{[%clk 0:49:34]} 43. bxc3 {[%clk 0:29:27]} Rd5 {[%clk 0:48:28]} 44. Re3
{[%clk 0:25:25]} Kg7 {[%clk 0:48:23]} 45. Nb4 {[%clk 0:24:14]} Rc5
{[%clk 0:48:36]} 0-1

[Event "European Individual Chess Championship 2017"]
[Site "Minsk"]
[Date "2017.05.31"]
[Round "2.11"]
[White "Chigaev, Maksim"]
[Black "Cheparinov, Ivan"]
[Result "0-1"]
[BlackElo "2688"]
[WhiteElo "2559"]
[LiveChessVersion "1.4.8"]

1. e4 {[%clk 1:30:56]} c5 {[%clk 1:30:56]} 2. Nf3 {[%clk 1:31:18]} d6
{[%clk 1:31:20]} 3. d4 {[%clk 1:31:40]} cxd4 {[%clk 1:31:45]} 4. Nxd4
{[%clk 1:32:05]} Nf6 {[%clk 1:32:11]} 5. Nc3 {[%clk 1:32:25]} a6 {[%clk 1:32:37]}
6. h3 {[%clk 1:32:48]} e5 {[%clk 1:32:28]} 7. Nb3 {[%clk 1:33:10]} Be6
{[%clk 1:32:37]} 8. Be3 {[%clk 1:33:25]} Be7 {[%clk 1:31:21]} 9. f4
{[%clk 1:32:28]} Nc6 {[%clk 1:30:34]} 10. f5 {[%clk 1:32:44]} Bxb3
{[%clk 1:30:56]} 11. axb3 {[%clk 1:33:08]} Nb4 {[%clk 1:31:19]} 12. g3
{[%clk 1:33:16]} Qc8 {[%clk 1:31:47]} 13. Bg2 {[%clk 1:07:59]} d5
{[%clk 1:28:22]} 14. exd5 {[%clk 1:08:21]} Qxf5 {[%clk 1:28:36]} 15. Rc1
{[%clk 1:05:57]} e4 {[%clk 1:28:55]} 16. Rf1 {[%clk 1:01:21]} Qd7
{[%clk 1:17:53]} 17. Nxe4 {[%clk 0:55:12]} Nfxd5 {[%clk 1:15:59]} 18. Bd4
{[%clk 0:55:32]} O-O {[%clk 1:12:21]} 19. Qg4 {[%clk 0:38:28]} Qxg4
{[%clk 1:11:58]} 20. hxg4 {[%clk 0:38:51]} Rac8 {[%clk 1:09:12]} 21. Ke2
{[%clk 0:19:24]} Na2 {[%clk 1:01:36]} 22. c3 {[%clk 0:17:59]} Nxc1+
{[%clk 1:01:44]} 23. Rxc1 {[%clk 0:18:22]} Rfd8 {[%clk 0:58:41]} 24. Rf1
{[%clk 0:18:41]} Re8 {[%clk 0:54:26]} 25. Kd3 {[%clk 0:18:21]} Rcd8
{[%clk 0:54:32]} 26. g5 {[%clk 0:16:39]} Nc7 {[%clk 0:53:32]} 27. Kc2
{[%clk 0:16:25]} Ne6 {[%clk 0:48:20]} 28. Bb6 {[%clk 0:16:37]} Rd7
{[%clk 0:44:21]} 29. Bh3 {[%clk 0:16:05]} Rd5 {[%clk 0:39:59]} 30. Bxe6
{[%clk 0:15:06]} fxe6 {[%clk 0:40:25]} 31. g4 {[%clk 0:12:02]} Rf8
{[%clk 0:40:13]} 32. Rxf8+ {[%clk 0:11:27]} Kxf8 {[%clk 0:40:41]} 33. Be3
{[%clk 0:11:45]} Kf7 {[%clk 0:36:57]} 34. c4 {[%clk 0:12:03]} Rd8
{[%clk 0:35:51]} 35. c5 {[%clk 0:12:24]} e5 {[%clk 0:34:47]} 36. b4
{[%clk 0:12:45]} Ke6 {[%clk 0:35:01]} 37. b3 {[%clk 0:11:34]} Kd5
{[%clk 0:32:17]} 38. Kd3 {[%clk 0:09:14]} Kc6+ {[%clk 0:32:45]} 39. Kc4
{[%clk 0:09:30]} Rd1 {[%clk 0:32:48]} 40. Ng3 {[%clk 0:39:52]} Bxg5
{[%clk 1:02:26]} 0-1

[Event "European Individual Chess Championship 2017"]
[Site "Minsk"]
[Date "2017.05.31"]
[Round "2.12"]
[White "Artemiev, Vladislav"]
[Black "Michalik, Peter"]
[Result "1-0"]
[BlackElo "2558"]
[WhiteElo "2682"]
[LiveChessVersion "1.4.8"]

1. d4 {[%clk 1:30:32]} d5 {[%clk 1:30:47]} 2. c4 {[%clk 1:30:25]} e6
{[%clk 1:31:02]} 3. Nf3 {[%clk 1:30:11]} Nf6 {[%clk 1:31:10]} 4. Qc2
{[%clk 1:28:12]} Be7 {[%clk 1:30:42]} 5. g3 {[%clk 1:25:23]} O-O {[%clk 1:30:04]}
6. Bg2 {[%clk 1:25:40]} c5 {[%clk 1:29:25]} 7. dxc5 {[%clk 1:25:34]} Qa5+
{[%clk 1:29:47]} 8. Bd2 {[%clk 1:24:54]} Qxc5 {[%clk 1:30:03]} 9. Na3
{[%clk 1:25:11]} Nc6 {[%clk 1:20:54]} 10. cxd5 {[%clk 1:24:55]} Qxc2
{[%clk 1:20:40]} 11. Nxc2 {[%clk 1:25:14]} Nxd5 {[%clk 1:21:04]} 12. O-O
{[%clk 1:13:16]} Rd8 {[%clk 1:15:27]} 13. Rfd1 {[%clk 1:07:40]} Bd7
{[%clk 1:12:14]} 14. Nfe1 {[%clk 0:59:18]} Be8 {[%clk 1:02:36]} 15. Nd3
{[%clk 0:59:02]} Rac8 {[%clk 0:56:29]} 16. Rac1 {[%clk 0:58:16]} b6
{[%clk 0:56:07]} 17. Kf1 {[%clk 0:53:06]} Kf8 {[%clk 0:51:20]} 18. f4
{[%clk 0:46:22]} Na5 {[%clk 0:50:11]} 19. Ne3 {[%clk 0:32:43]} Nxe3+
{[%clk 0:44:24]} 20. Bxe3 {[%clk 0:33:03]} Nc4 {[%clk 0:44:17]} 21. Bf2
{[%clk 0:32:50]} Bf6 {[%clk 0:35:17]} 22. b3 {[%clk 0:28:17]} Nb2
{[%clk 0:34:38]} 23. Rxc8 {[%clk 0:28:23]} Rxc8 {[%clk 0:35:01]} 24. Nxb2
{[%clk 0:27:51]} Bxb2 {[%clk 0:35:24]} 25. Be3 {[%clk 0:27:23]} Ke7
{[%clk 0:30:28]} 26. Be4 {[%clk 0:26:08]} Rd8 {[%clk 0:25:21]} 27. Rxd8
{[%clk 0:20:50]} Kxd8 {[%clk 0:25:46]} 28. Bxh7 {[%clk 0:21:14]} g6
{[%clk 0:25:50]} 29. g4 {[%clk 0:21:07]} f5 {[%clk 0:24:44]} 30. gxf5
{[%clk 0:19:59]} gxf5 {[%clk 0:24:45]} 31. Bf2 {[%clk 0:14:49]} Bc6
{[%clk 0:12:48]} 32. Bh4+ {[%clk 0:09:12]} Ke8 {[%clk 0:12:25]} 33. Bg6+
{[%clk 0:09:29]} Kf8 {[%clk 0:12:50]} 34. Bd8 {[%clk 0:05:59]} Bc1
{[%clk 0:02:06]} 35. Bc7 {[%clk 0:06:04]} Kg7 {[%clk 0:02:31]} 36. Bh5
{[%clk 0:06:26]} Be3 {[%clk 0:01:14]} 37. Be5+ {[%clk 0:06:45]} Kh6
{[%clk 0:01:39]} 38. Bf7 {[%clk 0:06:58]} Bd5 {[%clk 0:01:17]} 39. Ke1
{[%clk 0:04:15]} a5 {[%clk 0:00:44]} 40. Be8 {[%clk 0:33:41]} Bg1
{[%clk 0:30:37]} 41. Kd2 {[%clk 0:28:57]} Bc5 {[%clk 0:29:41]} 42. h4
{[%clk 0:13:46]} Be7 {[%clk 0:26:38]} 43. Bd4 {[%clk 0:11:18]} Bd8
{[%clk 0:26:04]} 44. e3 {[%clk 0:09:40]} Bc7 {[%clk 0:21:40]} 45. Kc3
{[%clk 0:07:36]} Bd8 {[%clk 0:21:50]} 46. Kb2 {[%clk 0:07:48]} Be4
{[%clk 0:20:19]} 47. Ka3 {[%clk 0:07:10]} Bb1 48. h5 {[%clk 0:02:40]} Be4
{[%clk 0:16:32]} 49. Ka4 {[%clk 0:02:26]} Bd3 {[%clk 0:16:53]} 50. a3
{[%clk 0:02:16]} Be2 {[%clk 0:16:28]} 51. Bd7 {[%clk 0:00:57]} Kxh5
{[%clk 0:16:12]} 52. Bb5 {[%clk 0:01:16]} Bf3 {[%clk 0:16:21]} 53. Be8+
{[%clk 0:01:32]} Kg4 {[%clk 0:16:12]} 54. Kb5 {[%clk 0:01:48]} Bd5
{[%clk 0:11:35]} 55. b4 {[%clk 0:01:58]} Bb3 {[%clk 0:08:15]} 56. Bxb6
{[%clk 0:00:36]} Ba4+ {[%clk 0:08:12]} 57. Kxa5 {[%clk 0:00:53]} Bxb6+
{[%clk 0:08:26]} 58. Kxb6 {[%clk 0:00:56]} Bxe8 {[%clk 0:08:50]} 59. b5
{[%clk 0:01:21]} e5 {[%clk 0:07:52]} 60. fxe5 {[%clk 0:01:04]} Kf3
{[%clk 0:06:43]} 61. Kc5 {[%clk 0:01:18]} 1-0

[Event "European Individual Chess Championship 2017"]
[Site "Minsk"]
[Date "2017.05.31"]
[Round "2.13"]
[White "Ruck, Robert"]
[Black "Movsesian, Sergei"]
[Result "1/2-1/2"]
[BlackElo "2680"]
[WhiteElo "2557"]
[LiveChessVersion "1.4.8"]

1. Nf3 {[%clk 1:30:57]} Nf6 {[%clk 1:30:44]} 2. c4 {[%clk 1:31:22]} e6
{[%clk 1:30:55]} 3. Nc3 {[%clk 1:31:48]} d5 {[%clk 1:31:13]} 4. d4
{[%clk 1:32:14]} Bb4 {[%clk 1:31:13]} 5. Bg5 {[%clk 1:32:39]} h6 {[%clk 1:31:22]}
6. Bxf6 {[%clk 1:33:03]} Qxf6 {[%clk 1:31:46]} 7. e3 {[%clk 1:33:30]} O-O
{[%clk 1:31:09]} 8. Rc1 {[%clk 1:33:56]} dxc4 {[%clk 1:30:49]} 9. Bxc4
{[%clk 1:34:20]} c5 {[%clk 1:31:12]} 10. O-O {[%clk 1:34:32]} cxd4
{[%clk 1:31:26]} 11. Ne4 {[%clk 1:34:50]} Qe7 {[%clk 1:31:33]} 12. a3
{[%clk 1:35:14]} Ba5 {[%clk 1:31:05]} 13. Qxd4 {[%clk 1:35:39]} Nc6
{[%clk 1:21:36]} 14. Qc5 {[%clk 1:34:30]} Qxc5 {[%clk 1:14:34]} 15. Nxc5
{[%clk 1:34:57]} Rd8 {[%clk 1:13:31]} 16. Bb5 {[%clk 1:27:58]} Ne7
{[%clk 1:12:03]} 17. Rc2 {[%clk 0:51:39]} a6 {[%clk 1:02:56]} 18. Be2
{[%clk 0:50:40]} Rb8 {[%clk 1:00:11]} 19. b4 {[%clk 0:41:51]} Bb6
{[%clk 0:59:29]} 20. Rfc1 {[%clk 0:36:28]} Bd7 {[%clk 0:53:28]} 21. Nxd7
{[%clk 0:31:54]} Rxd7 {[%clk 0:53:37]} 22. Ne5 {[%clk 0:32:21]} Rdd8
{[%clk 0:46:08]} 23. Bf3 {[%clk 0:32:32]} Nd5 {[%clk 0:45:41]} 24. Nc4
{[%clk 0:27:52]} Ba7 {[%clk 0:38:44]} 25. Kf1 {[%clk 0:27:21]} Kf8
{[%clk 0:38:17]} 26. Ke2 {[%clk 0:27:02]} f6 {[%clk 0:37:21]} 27. g3
{[%clk 0:26:17]} Rd7 {[%clk 0:30:47]} 28. Na5 {[%clk 0:22:14]} Bb6
{[%clk 0:29:37]} 29. Nb3 {[%clk 0:13:42]} Ke7 {[%clk 0:25:37]} 30. Rc4
{[%clk 0:11:26]} Ba7 {[%clk 0:23:51]} 31. h4 {[%clk 0:10:05]} Rbd8
{[%clk 0:11:43]} 32. h5 {[%clk 0:07:02]} Bb6 {[%clk 0:10:40]} 33. a4
{[%clk 0:05:00]} Ba7 {[%clk 0:10:11]} 34. a5 {[%clk 0:04:44]} b5 {[%clk 0:05:34]}
35. axb6 {[%clk 0:04:40]} Bxb6 {[%clk 0:05:39]} 36. Ra1 {[%clk 0:04:10]} Nc7
{[%clk 0:05:24]} 37. Rc6 {[%clk 0:03:12]} Rb8 {[%clk 0:04:11]} 38. Rc4
{[%clk 0:01:55]} Kd8 {[%clk 0:03:13]} 39. Be4 {[%clk 0:01:10]} Rd6
{[%clk 0:02:03]} 40. g4 {[%clk 0:31:13]} Rd7 {[%clk 0:30:45]} 41. Rc6
{[%clk 0:18:24]} Ke7 {[%clk 0:27:54]} 42. Bd3 {[%clk 0:12:03]} Nd5
{[%clk 0:25:44]} 43. Bc4 {[%clk 0:11:11]} Nxb4 {[%clk 0:21:40]} 44. Rxe6+
{[%clk 0:11:30]} Kf8 {[%clk 0:21:18]} 45. Bxa6 {[%clk 0:09:22]} Rc7
{[%clk 0:20:42]} 46. Re4 {[%clk 0:03:13]} Nd5 {[%clk 0:18:19]} 47. Kf3
{[%clk 0:02:25]} Bxe3 {[%clk 0:16:03]} 48. Bc4 {[%clk 0:01:18]} Nc3
{[%clk 0:16:05]} 49. Rxe3 {[%clk 0:01:21]} Rxc4 {[%clk 0:16:32]} 50. Nd2
{[%clk 0:01:42]} Rc7 {[%clk 0:15:31]} 51. Ne4 {[%clk 0:01:07]} 1/2-1/2

[Event "European Individual Chess Championship 2017"]
[Site "Minsk"]
[Date "2017.05.31"]
[Round "2.14"]
[White "Ragger, Markus"]
[Black "Kunin, Vitaly"]
[Result "1-0"]
[BlackElo "2551"]
[WhiteElo "2680"]
[LiveChessVersion "1.4.8"]

1. e4 {[%clk 1:30:58]} d6 {[%clk 1:30:51]} 2. d4 {[%clk 1:31:25]} Nf6
{[%clk 1:31:13]} 3. Nc3 {[%clk 1:31:51]} e5 {[%clk 1:31:34]} 4. Nf3
{[%clk 1:32:17]} Nbd7 {[%clk 1:31:55]} 5. Bc4 {[%clk 1:32:38]} Be7
{[%clk 1:32:19]} 6. a4 {[%clk 1:32:57]} O-O {[%clk 1:32:40]} 7. O-O
{[%clk 1:33:23]} c6 {[%clk 1:33:03]} 8. h3 {[%clk 1:33:39]} a5 {[%clk 1:33:20]}
9. Re1 {[%clk 1:32:26]} exd4 {[%clk 1:33:25]} 10. Qxd4 {[%clk 1:32:16]} Nb6
{[%clk 1:33:35]} 11. Ba2 {[%clk 1:27:12]} d5 {[%clk 1:33:57]} 12. exd5
{[%clk 1:20:17]} Nfxd5 {[%clk 1:34:16]} 13. Nxd5 {[%clk 1:14:58]} Nxd5
{[%clk 1:34:35]} 14. Bxd5 {[%clk 1:13:12]} cxd5 {[%clk 1:34:54]} 15. Bf4
{[%clk 1:13:35]} Bf5 {[%clk 1:29:23]} 16. c3 {[%clk 1:11:14]} Be4
{[%clk 1:22:47]} 17. Nd2 {[%clk 1:07:25]} Bg6 {[%clk 1:22:16]} 18. Nf1
{[%clk 1:00:28]} Rc8 {[%clk 1:10:05]} 19. Qa7 {[%clk 0:53:31]} Bc5
{[%clk 1:08:14]} 20. Qxb7 {[%clk 0:53:28]} d4 {[%clk 1:05:18]} 21. Be5
{[%clk 0:41:37]} d3 {[%clk 1:01:41]} 22. Nd2 {[%clk 0:38:19]} Re8
{[%clk 0:50:04]} 23. Bf4 {[%clk 0:32:33]} Re2 {[%clk 0:37:54]} 24. Rxe2
{[%clk 0:31:48]} dxe2 {[%clk 0:38:18]} 25. Re1 {[%clk 0:32:11]} Bd3
{[%clk 0:38:41]} 26. Nb3 {[%clk 0:22:03]} Bf5 {[%clk 0:36:48]} 27. Qf3
{[%clk 0:20:18]} Bd3 {[%clk 0:29:06]} 28. Nxa5 {[%clk 0:17:14]} Ba6
{[%clk 0:14:23]} 29. Nb7 {[%clk 0:14:39]} Qd7 {[%clk 0:08:49]} 30. Nxc5
{[%clk 0:14:03]} Rxc5 {[%clk 0:09:16]} 31. b4 {[%clk 0:13:52]} Rf5
{[%clk 0:04:51]} 32. b5 {[%clk 0:13:41]} g5 {[%clk 0:05:00]} 33. Qxe2
{[%clk 0:10:29]} Rxf4 {[%clk 0:05:20]} 34. Qe8+ {[%clk 0:10:40]} Qxe8
{[%clk 0:05:46]} 35. Rxe8+ {[%clk 0:11:06]} Kg7 {[%clk 0:06:12]} 36. bxa6
{[%clk 0:11:29]} Rxa4 {[%clk 0:06:36]} 37. Ra8 {[%clk 0:11:54]} h5
{[%clk 0:03:51]} 38. a7 {[%clk 0:11:41]} 1-0

[Event "European Individual Chess Championship 2017"]
[Site "Minsk"]
[Date "2017.05.31"]
[Round "2.16"]
[White "Moiseenko, Alexander"]
[Black "Sadzikowski, Daniel"]
[Result "1/2-1/2"]
[BlackElo "2548"]
[WhiteElo "2677"]
[LiveChessVersion "1.4.8"]

1. d4 {[%clk 1:29:55]} Nf6 {[%clk 1:29:10]} 2. c4 {[%clk 1:30:18]} g6
{[%clk 1:29:33]} 3. Nc3 {[%clk 1:30:43]} d5 {[%clk 1:29:58]} 4. cxd5
{[%clk 1:30:27]} Nxd5 {[%clk 1:30:26]} 5. e4 {[%clk 1:30:52]} Nxc3
{[%clk 1:30:50]} 6. bxc3 {[%clk 1:31:19]} Bg7 {[%clk 1:31:05]} 7. Qa4+
{[%clk 1:31:16]} Qd7 {[%clk 1:31:00]} 8. Bb5 {[%clk 1:30:58]} c6 {[%clk 1:31:25]}
9. Be2 {[%clk 1:31:19]} c5 {[%clk 1:28:49]} 10. Bb5 {[%clk 1:31:24]} Nc6
{[%clk 1:29:17]} 11. Nf3 {[%clk 1:31:18]} O-O {[%clk 1:29:09]} 12. O-O
{[%clk 1:31:04]} Qc7 {[%clk 1:29:26]} 13. Bxc6 {[%clk 1:30:08]} bxc6
{[%clk 1:29:51]} 14. Ba3 {[%clk 1:30:34]} cxd4 {[%clk 1:30:12]} 15. cxd4
{[%clk 1:30:59]} Bg4 {[%clk 1:30:34]} 16. Ne5 {[%clk 1:30:57]} Bxe5
{[%clk 1:31:01]} 17. dxe5 {[%clk 1:31:21]} Qxe5 {[%clk 1:31:25]} 18. f3
{[%clk 1:31:27]} Be6 {[%clk 1:31:52]} 19. Bxe7 {[%clk 1:28:22]} Bc4
{[%clk 1:32:18]} 20. Bxf8 {[%clk 1:25:25]} Bxf1 {[%clk 1:32:30]} 21. Rxf1
{[%clk 1:25:38]} Rxf8 {[%clk 1:32:09]} 22. Qxa7 {[%clk 1:21:17]} Rd8
{[%clk 1:21:49]} 23. g3 {[%clk 1:03:35]} c5 {[%clk 1:18:12]} 24. Rf2
{[%clk 0:55:04]} c4 {[%clk 1:15:18]} 25. a4 {[%clk 0:34:11]} Rd3 {[%clk 0:55:57]}
26. a5 {[%clk 0:25:52]} Ra3 {[%clk 0:49:04]} 27. a6 {[%clk 0:25:42]} Qd6
{[%clk 0:47:18]} 28. Qb7 {[%clk 0:21:30]} Qxa6 {[%clk 0:41:11]} 29. Qxa6
{[%clk 0:21:49]} Rxa6 {[%clk 0:41:39]} 30. Rc2 {[%clk 0:22:11]} Ra4
{[%clk 0:41:01]} 31. Kf2 {[%clk 0:22:33]} g5 {[%clk 0:36:22]} 32. f4
{[%clk 0:16:00]} gxf4 {[%clk 0:36:46]} 33. gxf4 {[%clk 0:16:28]} f5
{[%clk 0:35:58]} 34. exf5 {[%clk 0:15:07]} 1/2-1/2

[Event "European Individual Chess Championship 2017"]
[Site "Minsk"]
[Date "2017.05.31"]
[Round "2.17"]
[White "Blomqvist, Erik"]
[Black "Motylev, Alexander"]
[Result "1/2-1/2"]
[BlackElo "2665"]
[WhiteElo "2546"]
[LiveChessVersion "1.4.8"]

1. e4 {[%clk 1:30:54]} c6 {[%clk 1:30:42]} 2. d4 {[%clk 1:31:09]} d5
{[%clk 1:31:10]} 3. Nc3 {[%clk 1:31:30]} dxe4 {[%clk 1:31:35]} 4. Nxe4
{[%clk 1:31:53]} Bf5 {[%clk 1:32:04]} 5. Ng3 {[%clk 1:32:12]} Bg6
{[%clk 1:32:33]} 6. Nh3 {[%clk 1:32:23]} e6 {[%clk 1:31:28]} 7. Nf4
{[%clk 1:32:39]} Bd6 {[%clk 1:29:16]} 8. h4 {[%clk 1:32:49]} Bxf4
{[%clk 1:29:24]} 9. Bxf4 {[%clk 1:33:11]} h6 {[%clk 1:29:51]} 10. h5
{[%clk 1:33:09]} Bh7 {[%clk 1:30:17]} 11. c4 {[%clk 1:31:03]} Nf6
{[%clk 1:29:34]} 12. Be2 {[%clk 1:31:24]} O-O {[%clk 1:25:06]} 13. O-O
{[%clk 1:30:31]} Re8 {[%clk 1:23:21]} 14. Bf3 {[%clk 1:27:20]} Nbd7
{[%clk 1:21:14]} 15. Re1 {[%clk 1:14:33]} Qb6 {[%clk 1:16:02]} 16. Re3
{[%clk 0:56:22]} a5 {[%clk 1:13:47]} 17. Qd2 {[%clk 0:48:14]} Qa6
{[%clk 1:00:02]} 18. Rc1 {[%clk 0:41:35]} a4 {[%clk 0:55:13]} 19. Bd6
{[%clk 0:26:31]} Qb6 {[%clk 0:46:02]} 20. b4 {[%clk 0:23:44]} Qa6
{[%clk 0:33:38]} 21. Qb2 {[%clk 0:20:29]} Rac8 {[%clk 0:32:20]} 22. Rec3
{[%clk 0:16:18]} Qb6 {[%clk 0:24:43]} 23. Ra3 {[%clk 0:14:28]} Qa6
{[%clk 0:22:22]} 24. Rac3 {[%clk 0:13:44]} Qb6 {[%clk 0:22:40]} 25. Ra3
{[%clk 0:14:09]} Qa6 {[%clk 0:23:06]} 26. Rac3 {[%clk 0:13:34]} 1/2-1/2

[Event "European Individual Chess Championship 2017"]
[Site "Minsk"]
[Date "2017.05.31"]
[Round "2.18"]
[White "Zvjaginsev, Vadim"]
[Black "Petrosyan, Manuel"]
[Result "1/2-1/2"]
[BlackElo "2546"]
[WhiteElo "2661"]
[LiveChessVersion "1.4.8"]

1. e4 {[%clk 1:30:55]} e5 {[%clk 1:29:42]} 2. Bc4 {[%clk 1:31:17]} Nf6
{[%clk 1:29:55]} 3. d3 {[%clk 1:31:41]} c6 {[%clk 1:29:04]} 4. Nf3
{[%clk 1:32:01]} d5 {[%clk 1:29:15]} 5. Bb3 {[%clk 1:32:18]} a5 {[%clk 1:29:26]}
6. a4 {[%clk 1:31:17]} Bb4+ {[%clk 1:25:08]} 7. c3 {[%clk 1:31:32]} Bd6
{[%clk 1:25:31]} 8. O-O {[%clk 1:29:06]} O-O {[%clk 1:23:12]} 9. Re1
{[%clk 1:22:41]} dxe4 {[%clk 1:07:27]} 10. dxe4 {[%clk 1:22:46]} Na6
{[%clk 1:07:41]} 11. Bc2 {[%clk 1:15:59]} Nc5 {[%clk 0:55:10]} 12. Na3
{[%clk 1:14:02]} Qe7 {[%clk 0:43:15]} 13. Nc4 {[%clk 1:14:18]} Bc7
{[%clk 0:43:23]} 14. b3 {[%clk 1:07:01]} Rd8 {[%clk 0:37:46]} 15. Qe2
{[%clk 1:05:19]} b6 {[%clk 0:37:52]} 16. Ba3 {[%clk 0:56:03]} Ba6
{[%clk 0:36:34]} 17. Rad1 {[%clk 0:54:45]} Nfd7 {[%clk 0:15:11]} 18. b4
{[%clk 0:30:58]} Qe6 {[%clk 0:13:59]} 19. bxc5 {[%clk 0:30:46]} Bxc4
{[%clk 0:12:53]} 20. Qe3 {[%clk 0:30:59]} h6 {[%clk 0:05:08]} 21. Nd2
{[%clk 0:29:54]} 1/2-1/2

[Event "European Individual Chess Championship 2017"]
[Site "Minsk"]
[Date "2017.05.31"]
[Round "2.19"]
[White "Forcen Esteban, Daniel"]
[Black "Anton Guijarro, David"]
[Result "0-1"]
[BlackElo "2660"]
[WhiteElo "2545"]
[LiveChessVersion "1.4.8"]

1. e4 {[%clk 1:30:56]} e5 {[%clk 1:30:43]} 2. Nf3 {[%clk 1:30:47]} Nc6
{[%clk 1:30:59]} 3. d4 {[%clk 1:31:08]} exd4 {[%clk 1:31:14]} 4. Bc4
{[%clk 1:31:03]} Bc5 {[%clk 1:30:29]} 5. c3 {[%clk 1:30:59]} Nf6 {[%clk 1:30:01]}
6. e5 {[%clk 1:31:18]} d5 {[%clk 1:29:27]} 7. Bb5 {[%clk 1:31:41]} Ne4
{[%clk 1:29:45]} 8. cxd4 {[%clk 1:32:06]} Bb6 {[%clk 1:30:10]} 9. Nc3
{[%clk 1:32:30]} O-O {[%clk 1:30:07]} 10. Be3 {[%clk 1:32:55]} f6
{[%clk 1:29:03]} 11. Qb3 {[%clk 1:24:48]} Nxc3 {[%clk 1:22:12]} 12. Bxc6
{[%clk 1:23:02]} bxc6 {[%clk 1:20:51]} 13. Qxc3 {[%clk 1:23:23]} Qe8
{[%clk 1:08:24]} 14. exf6 {[%clk 1:06:05]} Rxf6 {[%clk 0:55:21]} 15. Ne5
{[%clk 1:05:50]} c5 {[%clk 0:54:55]} 16. dxc5 {[%clk 1:05:29]} Ba5
{[%clk 0:55:09]} 17. Qxa5 {[%clk 1:05:54]} Qxe5 {[%clk 0:55:35]} 18. Qd2
{[%clk 1:03:05]} Qh5 {[%clk 0:40:57]} 19. O-O {[%clk 0:49:29]} Ba6
{[%clk 0:36:20]} 20. Rfe1 {[%clk 0:48:27]} Raf8 {[%clk 0:36:45]} 21. Bd4
{[%clk 0:45:51]} Rg6 {[%clk 0:34:23]} 22. Be5 {[%clk 0:40:17]} d4
{[%clk 0:29:47]} 23. Bg3 {[%clk 0:36:47]} d3 {[%clk 0:27:03]} 24. Re5
{[%clk 0:36:53]} Qg4 {[%clk 0:27:25]} 25. b4 {[%clk 0:18:44]} h5 {[%clk 0:17:47]}
26. Rae1 {[%clk 0:16:30]} h4 {[%clk 0:16:57]} 27. f3 {[%clk 0:10:50]} Qc4
{[%clk 0:12:30]} 28. R5e4 {[%clk 0:07:38]} Qc2 {[%clk 0:12:35]} 29. Qxc2
{[%clk 0:06:36]} dxc2 {[%clk 0:13:01]} 30. Bxc7 {[%clk 0:05:54]} Rxf3
{[%clk 0:12:27]} 31. Bf4 {[%clk 0:03:18]} h3 {[%clk 0:08:06]} 32. g3
{[%clk 0:02:40]} Rf6 {[%clk 0:05:59]} 33. Re5 {[%clk 0:01:26]} Bb5
{[%clk 0:04:26]} 34. Rc1 {[%clk 0:01:23]} a6 {[%clk 0:03:47]} 35. Ree1
{[%clk 0:01:24]} Ba4 {[%clk 0:03:27]} 36. Re2 {[%clk 0:01:47]} Kf7
{[%clk 0:02:55]} 37. Bg5 {[%clk 0:00:45]} R6f5 {[%clk 0:02:35]} 38. Bf4
{[%clk 0:00:36]} g5 {[%clk 0:02:33]} 39. Bd2 {[%clk 0:01:03]} Bb5
{[%clk 0:01:58]} 40. Ree1 {[%clk 0:31:23]} Rf2 {[%clk 0:32:04]} 0-1